000 00494pab a2200169 454500
008 180718b2004 xxu||||| |||| 00| 0 eng d
100 _aWerfhorst, Herman G. Van de
245 _aThe sources of political orientations in post-industrial society: social class and education revisited
260 _c2004
300 _ap.211-35.
362 _aJun
650 _aEducation
650 _aSocial class
700 _aGraaf, Nan Dirk de
773 _aBritish Journal of Sociology
909 _a61613
999 _c61613
_d61613